000 00351nam a22001577a 4500
003 SGT
020 _a9781107442900
082 _a616.89
_bA16S
100 _aSTADDON, J.E.R.
245 _aADAPTIVE BEHAVIOR AND LEARNING
250 _a2ND
260 _aU.K.
_bCAMBRIDGE UNIVERSITY
_c2016
300 _a599
650 _aPSYCHOLOGY
942 _2ddc
_cBK
999 _c21978
_d21978